| 000 | 00471nam a2200181Ia 4500 | ||
|---|---|---|---|
| 003 | LK-CoDNM | ||
| 008 | 010623t1950 xxu||||| |||| 00| 1 sin d | ||
| 040 |
_aLK-CoDNM _dLK-CoDNM _eLK-CoDNM |
||
| 041 | _asin | ||
| 080 | _a8 C WIC | ||
| 100 | _aWickramasinghe, Martin | ||
| 245 | _aසාහිත්ය කලාව | ||
| 246 | _aSahithya kalava | ||
| 260 |
_bSaman mudranalaya _aMaharagama _c1950 |
||
| 300 | _b140, 18 cm | ||
| 650 | _aLiterature | ||
| 942 | _cBK | ||
| 999 |
_c102050 _d102050 |
||